header

Electoral systems and voting in the United Kingdom (Record no. 80299)

MARC details
000 -LEADER
fixed length control field 01349nam a2200325Ia 4500
100 1# - MAIN ENTRY--AUTHOR NAME
Personal name Robinson, Chris,
245 10 - TITLE STATEMENT
Title Electoral systems and voting in the United Kingdom
260 ## - PUBLICATION, DISTRIBUTION, ETC. (IMPRINT)
Place of publication Edinburgh :
Name of publisher Edinburgh University Press,
Year of publication c2010.
300 ## - PHYSICAL DESCRIPTION
Number of Pages xii, 222 p. :
Other physical details ill., maps.
490 1# - SERIES STATEMENT
Series statement Politics study guides series
650 #0 - SUBJECT ADDED ENTRY--TOPICAL TERM
Topical Term Elections
Topical Term Representative government and representation
856 40 - ELECTRONIC LOCATION AND ACCESS
Uniform Resource Identifier http://site.ebrary.com/lib/rucke/Doc?id=10409242

No items available.

© 2026 Rongo University
Contact us: librarian | system librarian | Rongo university